000 00541nam a2200181Ia 4500
005 20250923145422.0
008 008 250917s9999 xx 000 0 eng d
037 _aTextual
040 _aDSWL
_beng
_cDSWL
041 _aeng
_2eng
084 _aY73(Q2):3:7'N3, N36;1
_qDSWL
100 _aWiser, W.H.
_9835106
245 4 _aThe Hindu Jajmani System
_c by W.H. Wiser
260 _aLucknow
_bLucknow Pub House
_c1936
300 _axxvi,160 p.
942 _cTEXL
_hY73(Q2):3:7'N3, N36;1
999 _c1451124
_d1451124